000 00351nam a2200133 i 4500
001 44231
003 ES-MaACL
007 t|
008 030320q19001999sp ||||1| spa d
245 0 3 _aLa ciudad de Barcelona
_b: itinerarios prácticos.
260 _aBarcelona :
_bAntonio López,
_c[19--?]
300 _a174 p. ;
_c16 cm.
852 _aES-MaACL
_jG-343
999 _c44231
_d44231